Wildlife Tourism, Environmental Learning and Ethical Encounters Ecological and Conservation Aspects /

This book outlines the status quo of worldwide wildlife tourism and its impacts on planning, management, knowledge, awareness, behaviour and attitudes related to wildlife encounters. It sets out to fill the considerable gaps in our knowledge on wildlife tourism, applied ecology, and environmental ed...

Full description

Bibliographic Details
Corporate Author: SpringerLink (Online service)
Other Authors: Borges de Lima, Ismar (Editor), Green, Ronda J. (Editor)
Format: Electronic eBook
Language:English
Published: Cham : Springer International Publishing : Imprint: Springer, 2017.
Series:Geoheritage, Geoparks and Geotourism, Conservation and Management Series,
Subjects:
Online Access:Full Text via HEAL-Link
LEADER 04088nam a22005655i 4500
001 978-3-319-55574-4
003 DE-He213
005 20170809142944.0
007 cr nn 008mamaa
008 170615s2017 gw | s |||| 0|eng d
020 |a 9783319555744  |9 978-3-319-55574-4 
024 7 |a 10.1007/978-3-319-55574-4  |2 doi 
040 |d GrThAP 
050 4 |a GE195-199 
050 4 |a GE196 
072 7 |a RNU  |2 bicssc 
072 7 |a SCI026000  |2 bisacsh 
082 0 4 |a 338.927  |2 23 
245 1 0 |a Wildlife Tourism, Environmental Learning and Ethical Encounters  |h [electronic resource] :  |b Ecological and Conservation Aspects /  |c edited by Ismar Borges de Lima, Ronda J. Green. 
264 1 |a Cham :  |b Springer International Publishing :  |b Imprint: Springer,  |c 2017. 
300 |a XIII, 292 p. 84 illus., 60 illus. in color.  |b online resource. 
336 |a text  |b txt  |2 rdacontent 
337 |a computer  |b c  |2 rdamedia 
338 |a online resource  |b cr  |2 rdacarrier 
347 |a text file  |b PDF  |2 rda 
490 1 |a Geoheritage, Geoparks and Geotourism, Conservation and Management Series,  |x 2363-765X 
505 0 |a Wildlife tourism management and phenomena: a web of complex conceptual, theoretical and practical issues -- A political ecology of the yellow-eyed penguin in Southern New Zealand: a conceptual and theoretical approach -- The intersections between lacustrine wildlife, tourism and conservation: scientific and educational opportunities in the Brazilian southern lakes -- Wildlife Tourism for Visitors' Learning Experiences: Some Evidences on the Royal Bengal Tiger in Bangladesh and in India -- Whale and dolphin watching, and visitors' experiential responses: a qualitative study on comments in a travel forum.- Will the Ark sink? Captive Wildlife, Tourism and the Human Relationship to Nature: Demystifying Zoos -- Wildlife tourism, a multidisciplinary field of inquiries and insights: final considerations. 
520 |a This book outlines the status quo of worldwide wildlife tourism and its impacts on planning, management, knowledge, awareness, behaviour and attitudes related to wildlife encounters. It sets out to fill the considerable gaps in our knowledge on wildlife tourism, applied ecology, and environmental education, providing comprehensive information on and an interdisciplinary approach to effective management in wildlife tourism.  Examining the intricacies, challenges, and lessons learned in a meaningful and rewarding tourism niche, this interdisciplinary book comprehensively examines the major potentials and controversies in the wildlife tourism industry. Pursuing an insightful, provocative and hands-on approach, it primarily addresses two questions: ‘Can we reconcile the needs of the wildlife tourism industry, biodiversity conservation, ecological learning and animal ethics issues?’ and ‘What is the Future of the Wildlife Tourism Industry?’.  Though primarily in tended as a research text, it also offers a valuable resource for a broad readership, which includes university and training students, researchers, scholars, tourism practitioners and professionals, planners and managers, as well as the staff of government agencies. . 
650 0 |a Environment. 
650 0 |a Tourism. 
650 0 |a Management. 
650 0 |a Applied ecology. 
650 0 |a Science education. 
650 0 |a Nature conservation. 
650 0 |a Sustainable development. 
650 1 4 |a Environment. 
650 2 4 |a Sustainable Development. 
650 2 4 |a Tourism Management. 
650 2 4 |a Nature Conservation. 
650 2 4 |a Science Education. 
650 2 4 |a Applied Ecology. 
700 1 |a Borges de Lima, Ismar.  |e editor. 
700 1 |a Green, Ronda J.  |e editor. 
710 2 |a SpringerLink (Online service) 
773 0 |t Springer eBooks 
776 0 8 |i Printed edition:  |z 9783319555737 
830 0 |a Geoheritage, Geoparks and Geotourism, Conservation and Management Series,  |x 2363-765X 
856 4 0 |u http://dx.doi.org/10.1007/978-3-319-55574-4  |z Full Text via HEAL-Link 
912 |a ZDB-2-EES 
950 |a Earth and Environmental Science (Springer-11646)